[Event "Aeroflot Open 2011 B"]
[Site "Moscu RUS"]
[Date "2011.02.13"]
[Round "6.12"]
[White "Gabrielian, Artur"]
[Black "Lou, Yiping"]
[Result "1/2-1/2"]
[WhiteElo "2543"]
[BlackElo "2494"]
[PlyCount "124"]
[EventDate "2011.02.08"]
[EventType "swiss"]
[EventRounds "9"]
[EventCountry "RUS"]
[Source "lmi"]
[SourceDate "2011.02.08"]

1. e4 c6 2. d4 d5 3. e5 Bf5 4. Nf3 e6 5. Be2 c5 6. Be3 cxd4 7. Nxd4 Ne7 8. Nd2
Nbc6 9. N2f3 Be4 10. O-O Ng6 11. Nxc6 bxc6 12. Nd4 Nxe5 13. f3 Bg6 14. f4 Nd7
15. Nxc6 Qc7 16. Bb5 a6 17. Ba4 Bc5 18. Bxc5 Nxc5 19. c4 dxc4 20. f5 Bxf5 21.
Nd4+ Nxa4 22. Qxa4+ Qd7 23. Qxd7+ Kxd7 24. Nxf5 exf5 25. Rxf5 f6 26. Rf4 Rac8
27. Rc1 c3 28. Rd4+ Ke6 29. bxc3 Rhd8 30. Re4+ Kf7 31. Rc2 Rc5 32. Kf2 f5 33.
Rb4 Rd6 34. h4 Kf6 35. Rb7 h6 36. Ra7 g5 37. hxg5+ hxg5 38. Ra8 Kg6 39. Rf8 Kh5
40. Rb8 Rdc6 41. Ra8 Kg4 42. c4 f4 43. Ra7 Rb6 44. Ra8 a5 45. Rd8 Rb4 46. Rd4
Kf5 47. Ke2 Ra4 48. Rd5+ Rxd5 49. cxd5 Rd4 50. d6 a4 51. Rc6 g4 52. Ra6 Ke6 53.
a3 Re4+ 54. Kf2 Kd7 55. g3 f3 56. Kg1 Rc4 57. Kf2 Rc2+ 58. Kf1 Rg2 59. Rxa4
Rxg3 60. Rd4 Rg2 61. a4 g3 62. Rd3 Rf2+ 1/2-1/2

[Event "Aeroflot Open 2011 B"]
[Site "Moscu RUS"]
[Date "2011.02.13"]
[Round "6.13"]
[White "Stukopin, Andrey"]
[Black "Pridorozhni, Aleksei"]
[Result "0-1"]
[WhiteElo "2462"]
[BlackElo "2543"]
[PlyCount "62"]
[EventDate "2011.02.08"]
[EventType "swiss"]
[EventRounds "9"]
[EventCountry "RUS"]
[Source "lmi"]
[SourceDate "2011.02.08"]

1. e4 e6 2. d4 d5 3. Nc3 dxe4 4. Nxe4 Bd7 5. Nf3 Bc6 6. Bd3 Nd7 7. Qe2 Ngf6 8.
Neg5 Bxf3 9. Nxf3 c6 10. O-O Be7 11. c4 O-O 12. Bf4 Re8 13. Rad1 Nf8 14. Ne5
Ng6 15. Bg3 Qa5 16. Bb1 Rad8 17. Rd3 c5 18. Ra3 Qb6 19. Rb3 Qa6 20. Qf3 Rxd4
21. Bxg6 hxg6 22. Qxb7 Qxb7 23. Rxb7 Rd2 24. Nc6 Bf8 25. Nxa7 Rc2 26. a4 Rxc4
27. Ra1 Rd8 28. h3 Ne4 29. Nc6 Rd2 30. Ra3 Rc1+ 31. Kh2 Rdd1 0-1

[Event "Aeroflot Open 2011 B"]
[Site "Moscu RUS"]
[Date "2011.02.13"]
[Round "6.14"]
[White "Sharafiev, Azat"]
[Black "Panarin, Mikhail"]
[Result "1/2-1/2"]
[WhiteElo "2462"]
[BlackElo "2533"]
[PlyCount "65"]
[EventDate "2011.02.08"]
[EventType "swiss"]
[EventRounds "9"]
[EventCountry "RUS"]
[Source "lmi"]
[SourceDate "2011.02.08"]

1. d4 Nf6 2. c4 c5 3. d5 e6 4. Nc3 exd5 5. cxd5 d6 6. Nf3 g6 7. Bf4 a6 8. a4
Bg7 9. h3 O-O 10. e3 Ne8 11. Be2 Nd7 12. O-O Qe7 13. Nd2 Ne5 14. a5 Rb8 15. Na4
Bd7 16. Nb6 Bb5 17. Ne4 f5 18. Ng5 Nc7 19. Bxb5 axb5 20. Qb3 Rbd8 21. Bxe5 Qxe5
22. Ne6 Nxe6 23. dxe6 c4 24. Qb4 Rfe8 25. Rad1 Qxb2 26. Qxb2 Bxb2 27. Rd5 b4
28. Nxc4 Bc3 29. Rb5 d5 30. Nb6 d4 31. exd4 Rxd4 32. Na4 Re7 33. Nxc3 1/2-1/2

[Event "Aeroflot Open 2011 B"]
[Site "Moscu RUS"]
[Date "2011.02.13"]
[Round "6.16"]
[White "Badmatsyrenov, Oleg"]
[Black "Smirnov, Pavel"]
[Result "1/2-1/2"]
[WhiteElo "2449"]
[BlackElo "2523"]
[PlyCount "145"]
[EventDate "2011.02.08"]
[EventType "swiss"]
[EventRounds "9"]
[EventCountry "RUS"]
[Source "lmi"]
[SourceDate "2011.02.08"]

1. e4 e5 2. Nf3 Nc6 3. Bc4 Bc5 4. c3 Nf6 5. d3 a6 6. Bb3 d6 7. Nbd2 O-O 8. Nf1
Be6 9. Ng3 d5 10. exd5 Bxd5 11. O-O Bxb3 12. axb3 Qd5 13. b4 Ba7 14. Bg5 Nd7
15. Be3 f5 16. Bxa7 Rxa7 17. Re1 Raa8 18. c4 Qd6 19. b5 Ne7 20. Ra5 Ng6 21.
bxa6 bxa6 22. Rd5 Qc6 23. d4 e4 24. Ng5 Ne7 25. Ra5 Qxc4 26. Qd2 c6 27. Rc1 Qb3
28. Qf4 Qb4 29. Nxf5 Nxf5 30. Rxf5 Qxb2 31. Rf1 Qb5 32. Rxf8+ Rxf8 33. Qh4 Qf5
34. Nxe4 a5 35. Ng3 Qd5 36. Ra1 Nf6 37. h3 Qe6 38. Qg5 Nd5 39. Qd2 Qg6 40. Rxa5
h5 41. h4 Qb1+ 42. Nf1 Qe4 43. g3 Rb8 44. Ra1 Re8 45. Rd1 Rf8 46. Re1 Qg6 47.
Kh2 Nf6 48. Re2 Ng4+ 49. Kg1 Qb1 50. Qa2+ Qxa2 51. Rxa2 Rf3 52. Rd2 Rc3 53. Kg2
Kf7 54. Re2 Rc4 55. Rd2 Rc3 56. d5 c5 57. d6 Ke8 58. f3 Nf6 59. Kf2 c4 60. Ne3
Rc1 61. Ke2 Kd7 62. Rd4 c3 63. Kd3 Ne8 64. Rc4 Nxd6 65. Rxc3 Rg1 66. g4 Rg3 67.
Ke2 Rh3 68. Ra3 hxg4 69. Ra7+ Ke6 70. Nxg4 Nf5 71. Ra6+ Ke7 72. Ra7+ Ke6 73.
Ra6+ 1/2-1/2

[Event "Aeroflot Open 2011 B"]
[Site "Moscu RUS"]
[Date "2011.02.13"]
[Round "6.17"]
[White "Kanter, Eduard"]
[Black "Khachiyan, Melikset"]
[Result "1/2-1/2"]
[WhiteElo "2429"]
[BlackElo "2518"]
[PlyCount "76"]
[EventDate "2011.02.08"]
[EventType "swiss"]
[EventRounds "9"]
[EventCountry "RUS"]
[Source "lmi"]
[SourceDate "2011.02.08"]

1. d4 Nf6 2. c4 g6 3. Nc3 d5 4. cxd5 Nxd5 5. e4 Nxc3 6. bxc3 Bg7 7. Nf3 c5 8.
Bb5+ Nd7 9. O-O O-O 10. a4 a6 11. Be2 b6 12. Bg5 Bb7 13. Qd3 h6 14. Bf4 f5 15.
exf5 Rxf5 16. Qe3 Qf8 17. Qe6+ Kh7 18. Bg3 Rd8 19. Bd3 Bd5 20. Qe3 Rxf3 21.
gxf3 cxd4 22. cxd4 Bxd4 23. Qe2 Bxa1 24. Rxa1 Nc5 25. Bc2 Ne6 26. Re1 Rd7 27.
f4 Qf7 28. Qg4 Rc7 29. Bb1 Rc4 30. Ba2 h5 31. Bxc4 Bxc4 32. Qd1 b5 33. axb5
axb5 34. Re5 Nxf4 35. Bxf4 Qxf4 36. Rxe7+ Kh6 37. Re3 h4 38. h3 Qg5+ 1/2-1/2

[Event "Aeroflot Open 2011 B"]
[Site "Moscu RUS"]
[Date "2011.02.13"]
[Round "6.18"]
[White "Durarbeyli, Vasif"]
[Black "Batchuluun, Tsegmed"]
[Result "1/2-1/2"]
[WhiteElo "2504"]
[BlackElo "2424"]
[PlyCount "152"]
[EventDate "2011.02.08"]
[EventType "swiss"]
[EventRounds "9"]
[EventCountry "RUS"]
[Source "lmi"]
[SourceDate "2011.02.08"]

1. Nf3 Nf6 2. c4 c6 3. g3 d5 4. Bg2 Bf5 5. Qb3 Qb6 6. d3 Nbd7 7. cxd5 cxd5 8.
Nc3 e6 9. Qxb6 axb6 10. Nd4 Bg6 11. Ndb5 Ra5 12. O-O Bb4 13. a3 O-O 14. Bf4
Bxc3 15. Nxc3 Rc8 16. b4 Raa8 17. Rfc1 Rc6 18. Nb5 Ne8 19. e4 e5 20. Bh3 exf4
21. Bxd7 Rxc1+ 22. Rxc1 dxe4 23. dxe4 fxg3 24. fxg3 Nf6 25. Bf5 Nxe4 26. Bxg6
hxg6 27. Rc7 Rd8 28. Rxb7 Rd2 29. h4 Nxg3 30. Rb8+ Kh7 31. Rxb6 Nf5 32. Kf1
Nxh4 33. Rd6 Ra2 34. Rd3 g5 35. Nd4 g4 36. b5 f5 37. Rb3 f4 38. Ne2 Ra1+ 39.
Kf2 Ra2 40. Kf1 Ra1+ 41. Kf2 g3+ 42. Nxg3 fxg3+ 43. Kxg3 Nf5+ 44. Kf4 Nd4 45.
Rb4 Nc2 46. Rb3 Nd4 47. Rb4 Nxb5 48. Rxb5 Rxa3 49. Kg4 Ra1 50. Kg3 Rg1+ 51. Kh2
Rg6 52. Ra5 Kh6 53. Rb5 Rg5 54. Rb4 Ra5 55. Kg2 g6 56. Rc4 Kh5 57. Rb4 Kg5 58.
Rc4 Kf5 59. Kg3 Ra3+ 60. Kg2 Re3 61. Ra4 Re4 62. Ra6 g5 63. Kg3 Re3+ 64. Kg2
Kf4 65. Ra4+ Kf5 66. Rb4 Re4 67. Rxe4 Kxe4 68. Kg3 Kf5 69. Kf3 g4+ 70. Kg3 Kg5
71. Kg2 Kf4 72. Kf2 g3+ 73. Kg2 Kg4 74. Kg1 Kf3 75. Kf1 g2+ 76. Kg1 Kg3 1/2-1/2

[Event "Aeroflot Open 2011 B"]
[Site "Moscu RUS"]
[Date "2011.02.13"]
[Round "6.19"]
[White "Xu, Jun"]
[Black "Lu, Yijie"]
[Result "1/2-1/2"]
[WhiteElo "2494"]
[BlackElo "2311"]
[PlyCount "68"]
[EventDate "2011.02.08"]
[EventType "swiss"]
[EventRounds "9"]
[EventCountry "RUS"]
[Source "lmi"]
[SourceDate "2011.02.08"]

1. Nf3 Nf6 2. c4 g6 3. Nc3 Bg7 4. e4 d6 5. d4 O-O 6. Be2 e5 7. O-O Nc6 8. d5
Ne7 9. b4 Nh5 10. Re1 f5 11. Ng5 Nf6 12. Bf3 c6 13. Bb2 cxd5 14. cxd5 h6 15.
Ne6 Bxe6 16. dxe6 fxe4 17. Nxe4 Nxe4 18. Rxe4 d5 19. Rxe5 Bxe5 20. Bxe5 Qb6 21.
Qd2 Qxe6 22. Bb2 Rxf3 23. Qd4 Kf7 24. Qg7+ Ke8 25. gxf3 h5 26. Qh8+ Qg8 27. Qd4
Qe6 28. Bc3 Kd7 29. Re1 Nf5 30. Qd2 Qc6 31. Re5 Kd6 32. Qf4 Kd7 33. Qd2 Kd6 34.
Qf4 Kd7 1/2-1/2

[Event "Aeroflot Open 2011 B"]
[Site "Moscu RUS"]
[Date "2011.02.13"]
[Round "6.20"]
[White "Romanko, Marina"]
[Black "Petrosian, Davit G"]
[Result "0-1"]
[WhiteElo "2404"]
[BlackElo "2485"]
[PlyCount "80"]
[EventDate "2011.02.08"]
[EventType "swiss"]
[EventRounds "9"]
[EventCountry "RUS"]
[Source "lmi"]
[SourceDate "2011.02.08"]

1. d4 Nf6 2. c4 g6 3. Nf3 Bg7 4. Nc3 O-O 5. g3 d6 6. Bg2 c5 7. O-O Nc6 8. d5
Na5 9. Nd2 a6 10. Qc2 Rb8 11. b3 b5 12. Bb2 bxc4 13. bxc4 Bh6 14. f4 e5 15.
dxe6 Bxe6 16. Nd5 Bxd5 17. cxd5 Rxb2 18. Qxb2 Ng4 19. Qa3 Bg7 20. Rab1 Ne3 21.
Rfc1 Re8 22. Bf3 Bd4 23. Kh1 h5 24. Qd3 h4 25. Ne4 hxg3 26. Nxg3 Qh4 27. Qxa6
Kg7 28. Nh5+ gxh5 29. Rg1+ Ng4 30. Rg2 Qd8 31. h3 f5 32. hxg4 hxg4 33. Bxg4
fxg4 34. Rxg4+ Kf8 35. Qd3 Qe7 36. Rb5 Nc4 37. Qxc4 Qe4+ 38. Rg2 Qh7+ 39. Rh2
Qe4+ 40. Rg2 Kf7 0-1

[Event "Aeroflot Open 2011 B"]
[Site "Moscu RUS"]
[Date "2011.02.13"]
[Round "6.21"]
[White "Kochetkova, Julia"]
[Black "Bogdanovich, Stanislav"]
[Result "0-1"]
[WhiteElo "2311"]
[BlackElo "2484"]
[PlyCount "178"]
[EventDate "2011.02.08"]
[EventType "swiss"]
[EventRounds "9"]
[EventCountry "RUS"]
[Source "lmi"]
[SourceDate "2011.02.08"]

1. e4 c5 2. Nf3 Nc6 3. Bb5 e6 4. O-O Nge7 5. Nc3 a6 6. Bxc6 Nxc6 7. d4 cxd4 8.
Nxd4 Qc7 9. Re1 d6 10. Nxc6 bxc6 11. Qg4 e5 12. Qg3 h5 13. h3 h4 14. Qe3 Be7
15. Na4 Be6 16. c4 Rd8 17. b3 g5 18. f3 d5 19. exd5 cxd5 20. Bb2 f6 21. cxd5
Rxd5 22. Rac1 Qa5 23. Qe4 Kf7 24. Bc3 Qb5 25. Nb2 Qd7 26. Rcd1 Kg7 27. Qe2 Qb5
28. Rxd5 Bxd5 29. Nd3 Rd8 30. Nf2 Qxe2 31. Rxe2 Rc8 32. Bb2 Kf7 33. Nd3 a5 34.
Rd2 Ke6 35. Kh1 Bd6 36. Rf2 Rc7 37. Rd2 Rc6 38. Rf2 Bf8 39. Rd2 Be7 40. Re2 Kf7
41. Rd2 Ke6 42. Re2 Kf5 43. Rd2 Be6 44. Re2 Bd6 45. Nf2 Bb4 46. Nd3 Bf8 47. Nf2
Rc7 48. Ng4 Rc6 49. Nf2 Kg6 50. Ne4 Be7 51. Nf2 Kf7 52. Nd3 Rc8 53. Nf2 a4 54.
bxa4 Ra8 55. Nd1 Rxa4 56. Nc3 Ra5 57. Re1 Bc5 58. Ne4 Be7 59. Nc3 Ra6 60. a4
Bb3 61. Kh2 Bd6 62. Ne4 Be7 63. Nc3 Ra8 64. Ra1 Bb4 65. Kh1 Kg6 66. Kh2 Ra5 67.
Kh1 Ra7 68. Kh2 Ra6 69. Kh1 Rc6 70. Nb5 Rc2 71. Ba3 Ba5 72. Bd6 Rc4 73. Be7
Rxa4 74. Rxa4 Bxa4 75. Nd6 Bb6 76. g4 hxg3 77. Kg2 Be3 78. Kxg3 Bf4+ 79. Kg2 f5
80. Kf2 Bc6 81. Ke2 Bd5 82. Kf2 Be6 83. Kg2 Kh5 84. Bf8 Kh4 85. Be7 e4 86. fxe4
fxe4 87. Nxe4 Bd5 88. Kf3 Bc1 89. Bd8 Kxh3 0-1

[Event "Aeroflot Open 2011 B"]
[Site "Moscu RUS"]
[Date "2011.02.13"]
[Round "6.22"]
[White "Feuerstack, Aljoscha"]
[Black "Karpatchev, Aleksandr"]
[Result "1/2-1/2"]
[WhiteElo "2404"]
[BlackElo "2474"]
[PlyCount "86"]
[EventDate "2011.02.08"]
[EventType "swiss"]
[EventRounds "9"]
[EventCountry "RUS"]
[Source "lmi"]
[SourceDate "2011.02.08"]

1. e4 e5 2. Nf3 Nc6 3. d4 exd4 4. Nxd4 Bc5 5. Nb3 Bb6 6. Nc3 Qf6 7. Qe2 Nge7 8.
Be3 O-O 9. O-O-O d6 10. f3 Be6 11. Kb1 Rfe8 12. h4 h6 13. Bc1 Ne5 14. Na4 Bd7
15. Nxb6 axb6 16. Nd4 d5 17. f4 Nc4 18. e5 Qg6 19. h5 Qg4 20. Qe1 Bc8 21. e6
Nc6 22. Be2 Rxe6 23. Nxe6 Qxe6 24. Bf3 Ne7 25. Qh4 d4 26. b3 Qd6 27. bxc4 Bf5
28. Rd3 b5 29. c5 Qxc5 30. Bb2 Bxd3 31. cxd3 Nd5 32. Qf2 Nc3+ 33. Bxc3 Qxc3 34.
Be4 Ra4 35. Bd5 Rb4+ 36. Bb3 c5 37. Rh3 c4 38. dxc4 d3 39. c5 Rxb3+ 40. axb3
Qxb3+ 41. Kc1 Qc3+ 42. Kd1 Qb3+ 43. Kc1 Qc3+ 1/2-1/2

[Event "Aeroflot Open 2011 B"]
[Site "Moscu RUS"]
[Date "2011.02.13"]
[Round "6.23"]
[White "Artemiev, Vladislav"]
[Black "Shaposhnikov, Evgeny"]
[Result "1/2-1/2"]
[WhiteElo "2384"]
[BlackElo "2549"]
[PlyCount "38"]
[EventDate "2011.02.08"]
[EventType "swiss"]
[EventRounds "9"]
[EventCountry "RUS"]
[Source "lmi"]
[SourceDate "2011.02.08"]

1. e4 c5 2. Nf3 e6 3. d4 cxd4 4. Nxd4 a6 5. Bd3 Nf6 6. O-O e5 7. Nf3 Nc6 8. c4
Bc5 9. Nc3 d6 10. h3 h6 11. Be3 O-O 12. Qd2 Be6 13. Nd5 Rc8 14. Rac1 Re8 15.
Rfd1 Bxd5 16. cxd5 Nd4 17. Bxd4 exd4 18. Re1 Nd7 19. b4 Bb6 1/2-1/2

[Event "Aeroflot Open 2011 B"]
[Site "Moscu RUS"]
[Date "2011.02.13"]
[Round "6.24"]
[White "Krapivin, Alexander"]
[Black "Kremenietsky, Anatoly M"]
[Result "1/2-1/2"]
[WhiteElo "2476"]
[BlackElo "2372"]
[PlyCount "186"]
[EventDate "2011.02.08"]
[EventType "swiss"]
[EventRounds "9"]
[EventCountry "RUS"]
[Source "lmi"]
[SourceDate "2011.02.08"]

1. e4 c5 2. Nc3 Nc6 3. g3 g6 4. Bg2 Bg7 5. d3 d6 6. Be3 e5 7. Qd2 Nge7 8. Bh6
Bxh6 9. Qxh6 Nd4 10. Qd2 Be6 11. Nd5 Nxd5 12. exd5 Bd7 13. c3 Nf5 14. Nf3 O-O
15. h4 h5 16. Ng5 Kg7 17. Ne4 b5 18. O-O Qb6 19. Rae1 f6 20. Kh2 Nh6 21. f3
Rae8 22. Bh3 Bxh3 23. Kxh3 Qd8 24. Kg2 Qd7 25. Re2 Nf7 26. c4 f5 27. Nf2 bxc4
28. dxc4 a5 29. Qxa5 Ra8 30. Qc3 Rxa2 31. f4 Kh8 32. fxe5 Nxe5 33. Ne4 f4 34.
Ng5 Kg8 35. Ref2 Ng4 36. Rxf4 Rxf4 37. Rxf4 Qg7 38. Qxg7+ Kxg7 39. Ne6+ Kh6 40.
Rf7 Rxb2+ 41. Kf1 Ne5 42. Re7 Rb1+ 43. Ke2 Rb2+ 44. Kd1 Ng4 45. Ng5 Nf6 46.
Nf7+ Kg7 47. Nxd6+ Kg8 48. Ne4 Nxe4 49. Rxe4 Kf7 50. Re3 Rb4 51. Rc3 Kf6 52.
Kc2 Ke5 53. Kd3 Rb1 54. Ke3 Rg1 55. Kf2 Rd1 56. Ke2 Ra1 57. Rd3 Ra6 58. Kf3
Rf6+ 59. Kg2 Ke4 60. Rd1 Rd6 61. Kh3 Kf5 62. g4+ Kf4 63. g5 Ke5 64. Kg3 Ra6 65.
Re1+ Kf5 66. Re3 Ra1 67. Kf3 Rd1 68. Ke2 Rd4 69. Rf3+ Kg4 70. Rd3 Rxc4 71. d6
Re4+ 72. Kd2 Re8 73. d7 Rd8 74. Ke3 c4 75. Rd5 Kxh4 76. Kd4 Kg3 77. Kxc4 h4 78.
Kc5 h3 79. Kc6 h2 80. Rd1 Kf4 81. Rh1 Kxg5 82. Rxh2 Kf4 83. Kc7 Ra8 84. Rf2+
Kg3 85. Ra2 Rh8 86. Ra5 Kf4 87. d8=Q Rxd8 88. Kxd8 g5 89. Ke7 g4 90. Kf6 g3 91.
Rf5+ Kg4 92. Ke5 g2 93. Rf8 Kg3 1/2-1/2

[Event "Aeroflot Open 2011 B"]
[Site "Moscu RUS"]
[Date "2011.02.13"]
[Round "6.25"]
[White "Arslanov, Shamil"]
[Black "Zilberman, Yaacov"]
[Result "1-0"]
[WhiteElo "2368"]
[BlackElo "2468"]
[PlyCount "89"]
[EventDate "2011.02.08"]
[EventType "swiss"]
[EventRounds "9"]
[EventCountry "RUS"]
[Source "lmi"]
[SourceDate "2011.02.08"]

1. e4 e5 2. Nf3 Nc6 3. Bb5 a6 4. Bxc6 dxc6 5. O-O f6 6. d4 exd4 7. Nxd4 c5 8.
Nb3 Qxd1 9. Rxd1 Bg4 10. f3 Be6 11. Bf4 c4 12. Nd4 O-O-O 13. Nc3 Bc5 14. Be3
Bxd4 15. Bxd4 Ne7 16. a3 b6 17. Kf2 c5 18. Be3 Kc7 19. g4 Kc6 20. Kg3 Nc8 21.
f4 Nd6 22. f5 Bf7 23. Bf4 Nb5 24. Nxb5 axb5 25. e5 g5 26. Be3 fxe5 27. Rxd8
Rxd8 28. Bxg5 Rd4 29. Re1 c3 30. bxc3 Rc4 31. Re3 Ra4 32. Bf6 e4 33. Kf4 Bd5
34. g5 Kd7 35. Ke5 Bg8 36. Rxe4 Rxa3 37. Re3 b4 38. Rd3+ Kc7 39. cxb4 Rxd3 40.
cxd3 cxb4 41. Be7 Bb3 42. Bxb4 Bc2 43. d4 Kd7 44. h4 Bb1 45. Kf6 1-0

[Event "Aeroflot Open 2011 B"]
[Site "Moscu RUS"]
[Date "2011.02.13"]
[Round "6.26"]
[White "Matinian, Nikita"]
[Black "Kalegin, Evgenij"]
[Result "1-0"]
[WhiteElo "2339"]
[BlackElo "2462"]
[PlyCount "79"]
[EventDate "2011.02.08"]
[EventType "swiss"]
[EventRounds "9"]
[EventCountry "RUS"]
[Source "lmi"]
[SourceDate "2011.02.08"]

1. e4 c5 2. Nf3 e6 3. d4 cxd4 4. Nxd4 a6 5. Nc3 b5 6. Bd3 d6 7. O-O Nf6 8. Qe2
Be7 9. a4 b4 10. Na2 Qb6 11. Be3 Qb7 12. Bd2 a5 13. c3 bxc3 14. Nxc3 O-O 15.
Ncb5 Nbd7 16. Nb3 Qb6 17. Rac1 Ne5 18. Be3 Qa6 19. Rfd1 Nxd3 20. Rxd3 Ne8 21.
Bd2 Bd7 22. Nc5 dxc5 23. Rxd7 Bd8 24. Rxc5 Bb6 25. Rc2 Nf6 26. Rd6 Qb7 27. Bc3
Bd8 28. Bxf6 Bxf6 29. Rc7 Qb8 30. e5 Bd8 31. Rcd7 Bg5 32. g3 Qc8 33. Rc7 Qe8
34. Qg4 Bd8 35. Rb7 Rc8 36. Rdd7 Rc1+ 37. Kg2 Be7 38. Qf4 Qc8 39. Rxe7 Qc6+ 40.
Kh3 1-0

[Event "Aeroflot Open 2011 B"]
[Site "Moscu RUS"]
[Date "2011.02.13"]
[Round "6.27"]
[White "Barbosa, Oliver"]
[Black "Antipov, Mikhail Al"]
[Result "1-0"]
[WhiteElo "2293"]
[BlackElo "2358"]
[PlyCount "147"]
[EventDate "2011.02.08"]
[EventType "swiss"]
[EventRounds "9"]
[EventCountry "RUS"]
[Source "lmi"]
[SourceDate "2011.02.08"]

1. d4 Nf6 2. c4 c6 3. Nf3 d5 4. e3 Bf5 5. Nc3 e6 6. Nh4 Be4 7. f3 Bg6 8. Qb3
Qb6 9. Nxg6 hxg6 10. Bd2 Nbd7 11. O-O-O Qxb3 12. axb3 Bd6 13. h3 a6 14. Kc2
O-O-O 15. Bd3 Bc7 16. g4 Kb8 17. f4 c5 18. g5 Nh5 19. Ne2 cxd4 20. exd4 Nb6 21.
c5 Nc8 22. b4 Na7 23. Rhf1 Kc8 24. Rf3 Kd7 25. Kb3 Kc6 26. Be3 Nb5 27. Bc2 Ra8
28. Nc1 Rag8 29. Ka2 f5 30. Nd3 Ra8 31. Kb1 Rhe8 32. Kc1 Bb8 33. Kd2 Bc7 34.
Ke1 Rac8 35. Kf2 Ra8 36. Ba4 Rac8 37. Re1 Bb8 38. Bd2 Kd7 39. Kg2 Rc6 40. Be3
Rec8 41. Rf2 Ke7 42. Nc1 Bc7 43. Ne2 Bb8 44. Ra1 Na7 45. Nc3 b5 46. Bd1 Kd7 47.
Ne2 Kc7 48. Nc1 Kb7 49. Nb3 Bc7 50. Bd2 Re8 51. Be2 Bd8 52. Kf3 Re7 53. Bf1 Kc8
54. Nc1 Kb7 55. Nd3 Bc7 56. Re2 Bb8 57. Kf2 Kc8 58. Bg2 Kd7 59. b3 Kd8 60. Bc1
Nc8 61. Rea2 Ra7 62. Bf1 Kd7 63. Kf3 Ne7 64. Be3 Kc8 65. Ne5 Kb7 66. Nf7 Ka8
67. Nd8 Rc8 68. Nxe6 Nc6 69. Rxa6 Re8 70. Bxb5 Rxe6 71. Bxc6+ Rxc6 72. Rxa7+
Bxa7 73. b5 Re6 74. b6 1-0

[Event "Aeroflot Open 2011 B"]
[Site "Moscu RUS"]
[Date "2011.02.13"]
[Round "6.28"]
[White "Delemarre, Jop"]
[Black "Hayrapetian, Ovik"]
[Result "0-1"]
[WhiteElo "2455"]
[BlackElo "2344"]
[PlyCount "112"]
[EventDate "2011.02.08"]
[EventType "swiss"]
[EventRounds "9"]
[EventCountry "RUS"]
[Source "lmi"]
[SourceDate "2011.02.08"]

1. d4 d5 2. c4 dxc4 3. Nf3 Nf6 4. e3 Bg4 5. Bxc4 e6 6. Qb3 Bxf3 7. gxf3 Qc8 8.
Nc3 a6 9. Bd2 b5 10. Be2 c5 11. dxc5 Nbd7 12. Rc1 Nxc5 13. Qc2 Qb7 14. Rg1 g6
15. Rg5 h6 16. Rg3 Bd6 17. f4 Qh1+ 18. Bf1 Ke7 19. Rg2 Rhc8 20. Ne2 Nce4 21.
Bc3 Rc4 22. Qd3 Rd8 23. Rd1 Nxc3 24. bxc3 Bc7 25. Qb1 Rxd1+ 26. Qxd1 Ne4 27.
Qb3 Nd2 28. Kxd2 Qxf1 29. Rg1 Qxf2 30. Qa3+ Bd6 31. Qxa6 Rxc3 32. Qb7+ Rc7 33.
Qg2 Qxg2 34. Rxg2 Bb4+ 35. Kd3 Rd7+ 36. Nd4 Bc5 37. Rb2 Bxd4 38. exd4 Rd5 39.
Rc2 Rh5 40. Rc7+ Kf6 41. Rb7 Rxh2 42. Rxb5 Rxa2 43. d5 exd5 44. Rxd5 g5 45.
Rd6+ Kg7 46. fxg5 hxg5 47. Ke4 Ra5 48. Kf3 f6 49. Kg4 Kg6 50. Rb6 Ra4+ 51. Kg3
Re4 52. Kf3 Rd4 53. Rb5 f5 54. Rb6+ Kh5 55. Rf6 g4+ 56. Ke3 Re4+ 0-1

[Event "Aeroflot Open 2011 B"]
[Site "Moscu RUS"]
[Date "2011.02.13"]
[Round "6.29"]
[White "Oparin, Grigoriy"]
[Black "Sharavdorj, Dashzegve"]
[Result "0-1"]
[WhiteElo "2328"]
[BlackElo "2452"]
[PlyCount "96"]
[EventDate "2011.02.08"]
[EventType "swiss"]
[EventRounds "9"]
[EventCountry "RUS"]
[Source "lmi"]
[SourceDate "2011.02.08"]

1. e4 e6 2. d4 d5 3. Nc3 Nf6 4. e5 Nfd7 5. f4 c5 6. Nf3 Nc6 7. Be3 cxd4 8. Nxd4
Bc5 9. Qd2 O-O 10. O-O-O a6 11. h4 Nxd4 12. Bxd4 b5 13. Rh3 Bb7 14. h5 b4 15.
Ne2 a5 16. Kb1 Qb6 17. Nc1 Rac8 18. Qe3 Bxd4 19. Qxd4 Qc7 20. Rd2 f6 21. exf6
Rxf6 22. Rf3 Nc5 23. Bd3 Ne4 24. Bxe4 dxe4 25. Rff2 Rxf4 26. Rxf4 e5 27. Rf8+
Rxf8 28. Qe3 h6 29. b3 Rf5 30. Qe2 Kh7 31. Qd1 Bc6 32. Qe2 Bb7 33. Qd1 Qc5 34.
Qg4 Rg5 35. Qe6 Qf8 36. Qb6 Qe7 37. Qxa5 Rxh5 38. Qb6 Rh1 39. Qe3 Qf6 40. Rf2
Qd8 41. Rd2 Qh4 42. Kb2 Rf1 43. Re2 Qf4 44. Re1 Rxe1 45. Qxe1 e3 46. Nd3 Qd4+
47. Kb1 Ba6 48. Nc1 e2 0-1

[Event "Aeroflot Open 2011 B"]
[Site "Moscu RUS"]
[Date "2011.02.13"]
[Round "6.30"]
[White "Tarasova, Viktoriya"]
[Black "Shukh, Nikolai"]
[Result "0-1"]
[WhiteElo "2289"]
[BlackElo "2442"]
[PlyCount "54"]
[EventDate "2011.02.08"]
[EventType "swiss"]
[EventRounds "9"]
[EventCountry "RUS"]
[Source "lmi"]
[SourceDate "2011.02.08"]

1. d4 Nf6 2. c4 e6 3. Nc3 d5 4. cxd5 exd5 5. Bg5 Be7 6. Qc2 c6 7. e3 Nbd7 8.
Bd3 Nf8 9. h3 Ne6 10. Bh4 g6 11. Nge2 O-O 12. O-O-O b5 13. g4 a5 14. f4 Ng7 15.
f5 Nd7 16. Bg3 a4 17. h4 Qa5 18. fxg6 hxg6 19. g5 b4 20. Nb1 c5 21. Nf4 cxd4
22. h5 b3 23. Qh2 Qc5+ 24. Kd2 Ne5 25. Be2 Qc2+ 26. Ke1 Bb4+ 27. Kf1 Ng4 0-1

[Event "Aeroflot Open 2011 B"]
[Site "Moscu RUS"]
[Date "2011.02.13"]
[Round "6.31"]
[White "Dimakiling, Oliver"]
[Black "Kurukin, Dmitry"]
[Result "1-0"]
[WhiteElo "2432"]
[BlackElo "2313"]
[PlyCount "75"]
[EventDate "2011.02.08"]
[EventType "swiss"]
[EventRounds "9"]
[EventCountry "RUS"]
[Source "lmi"]
[SourceDate "2011.02.08"]

1. Nf3 Nf6 2. c4 g6 3. Nc3 Bg7 4. g3 O-O 5. Bg2 Nc6 6. O-O d6 7. Rb1 a5 8. a3
e5 9. d3 Re8 10. Be3 e4 11. dxe4 Nxe4 12. Nd5 Bf5 13. Nh4 Bd7 14. Qc2 f5 15.
Rbd1 b6 16. b4 axb4 17. axb4 Ne7 18. Bxe4 fxe4 19. Bg5 Ba4 20. Qxe4 Nf5 21. Qf4
Qd7 22. Nxf5 gxf5 23. Rd4 Rxe2 24. Nf6+ Bxf6 25. Bxf6 Rae8 26. Qg5+ Kf8 27. Rh4
R8e6 28. Qxf5 Qf7 29. Bg7+ Ke8 30. Qxh7 Bc2 31. Qh8+ Kd7 32. Bc3 Qf3 33. Rf4
Qd3 34. b5 Qg6 35. Ra1 Be4 36. Rf8 Re8 37. Rxe8 Qxe8 38. Qg7+ 1-0

[Event "Aeroflot Open 2011 B"]
[Site "Moscu RUS"]
[Date "2011.02.13"]
[Round "6.32"]
[White "Mammadova, Gulnar Marfat"]
[Black "Lu, Shanglei"]
[Result "0-1"]
[WhiteElo "2284"]
[BlackElo "2416"]
[PlyCount "126"]
[EventDate "2011.02.08"]
[EventType "swiss"]
[EventRounds "9"]
[EventCountry "RUS"]
[Source "lmi"]
[SourceDate "2011.02.08"]

1. e4 c5 2. f4 d5 3. exd5 Qxd5 4. Nc3 Qd6 5. Nf3 Nc6 6. d3 Nf6 7. Be2 g6 8. O-O
Bg7 9. Ne4 Qd5 10. c4 Qf5 11. Ng3 Qd7 12. Kh1 O-O 13. Be3 b6 14. Qd2 Ng4 15.
Bg1 Bb7 16. h3 Nf6 17. Rad1 Rad8 18. a3 a5 19. Qc2 Bh6 20. Qc1 Rfe8 21. Be3 Nd4
22. Kh2 Nxe2 23. Nxe2 Qf5 24. Ng3 Qc8 25. Ne5 Nd7 26. Ng4 Bg7 27. f5 Qc6 28.
Rf2 Ne5 29. Nxe5 Bxe5 30. Bf4 Bxf4 31. Qxf4 Rd4 32. Qe3 Qd6 33. Kg1 Rd8 34. b3
Bc8 35. f6 Qe6 36. Qxe6 Bxe6 37. fxe7 Re8 38. Ne2 Rd6 39. d4 a4 40. d5 axb3 41.
Rb1 Bc8 42. Rxb3 Ba6 43. Re3 Rd7 44. Rf6 Bxc4 45. Rxb6 Bxd5 46. Nc3 Bb7 47. a4
Rdxe7 48. Rxe7 Rxe7 49. a5 Re3 50. Na4 Bd5 51. Nxc5 Re1+ 52. Kf2 Ra1 53. a6
Ra2+ 54. Kg3 h5 55. Rd6 Bxg2 56. a7 Kg7 57. Ra6 Rc2 58. Nd7 Ba8 59. h4 Rc3+ 60.
Kf4 Rd3 61. Ne5 Rh3 62. Nd7 Rxh4+ 63. Ke5 Re4+ 0-1